| 000 | 02305nam0a2200373 4500 | ||
|---|---|---|---|
| 001 | RU\NLR\bibl\1294905 | ||
| 005 | 20260407064229.0 | ||
| 010 |
_a978-5-93750-199-8 _9300 |
||
| 021 |
_aRU _b2008-72869 _94187 |
||
| 035 | _a(NLR Aleph) 001280539 | ||
| 090 |
_a496171 _c496171 |
||
| 100 | _a20081115d2008 |||y0rusy50 ca | ||
| 101 | 0 | _arus | |
| 102 | _aRU | ||
| 105 | _ay ||||||||| | ||
| 200 | 1 |
_aЭтюды о А.А. Бестужеве-Марлинском на Кавказе _fВ.Б. Виноградов, Е.Г. Люфт _gпод ред. д.и.н., проф., акад. МАН М.И. Серовой _gАрмавир. гос. пед. ун-т [и др.] |
|
| 210 |
_aМосква _aАрмавир _cАрмавирское полиграфпредприятие _d2008 |
||
| 215 |
_a40 с. _d15 |
||
| 225 | 1 |
_aПрактические опыты исторического регионоведения _vвып. 52 |
|
| 300 | _aНа 39-й с. 1-й авт.: Виноградов В.Б. - д.ист.н., проф., засл. деят. науки Рос. Федерации, Кубани, Чечено-Ингушской АССР, акад. Междунар. Акад. информатизации | ||
| 300 | _aВ надзаг. также: Кубан. отд-ние "Рус. ист. о-ва", Обществ. акад. наук, культуры, образования и бизнеса Кавказа | ||
| 320 | _aБиблиогр. в прим. в конце глав | ||
| 600 | 1 |
_aБестужев-Марлинский _bА. А. _f1797 - 1837 _gАлександр Александрович _xПамятные места _yКавказ _92611213 _3RU\NLR\auth\661547771 |
|
| 686 | _aШ5(2=Р)51-4Бестужев | ||
| 700 | 1 |
_4070 _8rus _7ca _aВиноградов _bВ. Б. _cд-р ист. наук _f1938-2012 _gВиталий Борисович _3RU\NLR\AUTH\7714415 _9124088 |
|
| 701 | 1 |
_aЛюфт _bЕ. Г. _gЕлена Гейнриховна _4070 |
|
| 702 | 1 |
_4570 _8rus _7ca _aБестужев-Марлинский _bА. А. _f1797-1837 _gАлександр Александрович _3RU\NLR\auth\7795575 _978501 |
|
| 801 | 0 |
_aRU _bNLR _c20081115 _gRCR |
|
| 801 | 1 |
_aRU _bNLR _c20081115 |
|
| 942 | _cBOOK | ||
| 980 | _aNB | ||